Disney Lettre A - Statistiques

Statistiques générales
  • Ce quiz a été pris 834 fois
  • Le résultat moyen est 13 sur 20
Statistiques - réponses
Question Réponse % Correct
Prénom de la soeur rousse dans " La Reine des Neiges " Anna
94%
Voleur au grand coeur sur son tapis volant Aladdin
93%
Ne fait que d'éternuer Atchoum
90%
Prénom de la Belle au bois Dormant Aurore
90%
Prénom du propriétaire de Woody, Buzz, Mr Patate et les autres Andy
86%
Animal en lequel se transforme Pinocchio et son ami Alexandre Ane
85%
Pays où se déroule l'histoire de Blanche-Neige Allemagne
77%
Instrument de musique dont joue Tony, le patron du restaurant où dîne nt Belle et le Clochard Accordéon
74%
Pays dans lequel se déroule l'action des 101 Dalmatiens Angleterre
73%
Surnommé aussi Moustique par son oncle et par Merlin Arthur
71%
Lieu où Nemo fait la connaissance de Bubble, Flo, Debbie, Astrid et les autres Aquarium
66%
Pays où se situe l'action du " Monde de Némo " ? Australie
65%
Prénom au nom de savant grec de la chouette de Merlin l'enchanteur Archimède
62%
Héroïne de Lewis Caroll Alice
51%
Personnes qui ont choisi Mushu comme protecteur pour Mulan Ancetres
51%
Coco pour Miguel : son .... arrière grand mère
51%
État des USA se situe l'action de " Frère des Ours" Alaska
46%
Nom du royaume dans le dessin animé cité ci dessus : Arandelle
30%
Prénom du propriétaire de Rouky, l'ami de Rox Amos
15%
Prénom du méchant dans " La ferme se rebelle " Alameda
12%
Aucun quiz correspondant
Distribution des résultats
% des personnes avec chaque résultat
Percentile par nombre de réponses
Votre historique - résultats
Vous n’avez pas pris ce quiz